| 000 | 00722nam a2200229 a 4500 | ||
|---|---|---|---|
| 001 | BRCA_185 | ||
| 005 | 20190320202919.0 | ||
| 008 | 810826s1973 mx-a---###---#000-0#spa-# | ||
| 040 |
_aDLC _cCarP _dDLC |
||
| 050 | 4 |
_aNA5257.M4 _b.T68 1973 |
|
| 100 | 1 |
_aToussaint, Manuel _d1890-1955 _9678 |
|
| 245 | 1 | 0 |
_aLa catedral de México y el sagrario metropolitano _cManuel Toussaint. |
| 250 | _a2 | ||
| 260 |
_aMéxico _bPorrúa _c1973 |
||
| 300 |
_axxxviii, 377 p. _bil. (algunas a color) _c48 cm. |
||
| 504 | _aBibliografía: p. 255-258 | ||
| 610 | 2 | 4 |
_aCatedral de México _9679 |
| 650 | 1 | 4 |
_aArte colonial _zMéxico _9680 |
| 650 | 1 | 4 |
_aArquitectura religiosa _zMéxico _924 |
| 650 | 1 | 4 |
_aManuscritos _zMéxico _9681 |
| 942 |
_2lcc _cB |
||
| 999 |
_c155 _d155 |
||